000 00389nam a22001457a 4500
020 _a0-07-035425-1
082 _a621.902 KRA'T
100 _aKRAR, S. F, AMAND, J. E. ST, OSWEALD, J. W
_967132
245 _aTECHNOLOGY OF MACHINE TOOLS
250 _a3RD
260 _aNEWYORK
_bMCGRAW HILL
_c1984
300 _a664P
650 _aMACHINE TOOLS MACHINE SHOP PRACTICE
_966529
942 _cBK
999 _c574978
_d574978